Social Life in Northern India with Reference to Bihar (Record no. 220926)
[ view plain ]
| 000 -LEADER | |
|---|---|
| fixed length control field | 00683nam a22002297a 4500 |
| 005 - DATE AND TIME OF LATEST TRANSACTION | |
| control field | 20211211111151.0 |
| 008 - FIXED-LENGTH DATA ELEMENTS--GENERAL INFORMATION | |
| fixed length control field | 211211b ||||| |||| 00| 0 eng d |
| 040 ## - CATALOGING SOURCE | |
| Transcribing agency | AL |
| 041 ## - LANGUAGE CODE | |
| Language code of text/sound track or separate title | Eng |
| 082 ## - DEWEY DECIMAL CLASSIFICATION NUMBER | |
| Edition number | 23 |
| Classification number | 305.894 |
| Item number | SHAS |
| 100 ## - MAIN ENTRY--PERSONAL NAME | |
| Personal name | Ram Sharan Sharma |
| 100 ## - MAIN ENTRY--PERSONAL NAME | |
| 9 (RLIN) | 11515 |
| 245 ## - TITLE STATEMENT | |
| Title | Social Life in Northern India with Reference to Bihar |
| Remainder of title | Cir A D 1000-1300 |
| 260 ## - PUBLICATION, DISTRIBUTION, ETC. | |
| Place of publication, distribution, etc. | Patna |
| Name of publisher, distributor, etc. | Patna Museum |
| Date of publication, distribution, etc. | 2001 |
| 300 ## - PHYSICAL DESCRIPTION | |
| Extent | xix,90 p. |
| Other physical details | HB |
| Dimensions | 22x14.5 cm. |
| 365 ## - TRADE PRICE | |
| Price amount | ₹150.00 |
| Currency code | ₹ |
| Unit of pricing | ₹150.00 |
| 650 ## - SUBJECT ADDED ENTRY--TOPICAL TERM | |
| Topical term or geographic name entry element | Bihar |
| 9 (RLIN) | 11516 |
| 650 ## - SUBJECT ADDED ENTRY--TOPICAL TERM | |
| Topical term or geographic name entry element | Social life and customs |
| 9 (RLIN) | 11517 |
| 650 ## - SUBJECT ADDED ENTRY--TOPICAL TERM | |
| Topical term or geographic name entry element | India |
| 9 (RLIN) | 11518 |
| 700 ## - ADDED ENTRY--PERSONAL NAME | |
| Personal name | SHARMA (Ram Sharan) |
| 9 (RLIN) | 11519 |
| 700 ## - ADDED ENTRY--PERSONAL NAME | |
| Personal name | AKHTAR (Naseem) Ed |
| 9 (RLIN) | 11520 |
| 942 ## - ADDED ENTRY ELEMENTS (KOHA) | |
| Source of classification or shelving scheme | Dewey Decimal Classification |
| Koha item type | George Fernandes Collections |
| Withdrawn status | Lost status | Source of classification or shelving scheme | Damaged status | Not for loan | Collection code | Home library | Current library | Date acquired | Total Checkouts | Full call number | Barcode | Date last seen | Price effective from | Koha item type |
|---|---|---|---|---|---|---|---|---|---|---|---|---|---|---|
| Dewey Decimal Classification | Sociology | St Aloysius Library | St Aloysius Library | 03/24/2013 | 305.894 SHAS | GF00778 | 12/11/2021 | 12/11/2021 | George Fernandes Collections |